000 00674cab a2200193 4500
001 ABS38500
008 090401t1987 xxu||||| |||| 00| 0 eng d
035 _a(Sirsi) u11000
041 _aeng
100 _aBoden, D.
245 _aMilk quotas: a producer`s view
260 _c1987
350 _a0
490 _aAMC Review
_v(4) Winter 1987, 10-11(2)
520 _aLooks at milk quotas from a producers point of view looking at how to maximise productivity and efficiency within the quota suggesting some areas which could improve the situation including pressure from within the Milk Marketing Board .
690 _aRURAL PRACTICE
942 _n0
948 _c04/03/1997
999 _c7012
_d7012